US Catholic Dioceses Map Quiz - Northeast - Statistics

General Stats
  • This quiz has been taken 179 times
  • The average score is 22 of 32
Answers on the Map
Answers color-coded by a green-red scale on the quiz's map according to % correct below.
 
Answer Stats
Diocese % Correct
Archdiocese of Boston
99%
Archdiocese of New York
96%
Archdiocese of Philadelphia
95%
Diocese of Pittsburgh
93%
Diocese of Buffalo
91%
Diocese of Albany
90%
Diocese of Providence
90%
Archdiocese of Newark
89%
Diocese of Portland
89%
Archdiocese of Hartford
88%
Diocese of Harrisburg
88%
Diocese of Rochester
85%
Diocese of Trenton
80%
Diocese of Burlington
78%
Diocese of Erie
76%
Diocese of Syracuse
73%
Diocese of Manchester
71%
Diocese of Scranton
71%
Diocese of Brooklyn
70%
Diocese of Bridgeport
65%
Diocese of Springfield
63%
Diocese of Worcester
62%
Diocese of Allentown
57%
Diocese of Altoona-Johnstown
47%
Diocese of Camden
46%
Diocese of Rockville Centre
40%
Diocese of Paterson
39%
Diocese of Fall River
38%
Diocese of Ogdensburg
32%
Diocese of Greensburg
29%
Diocese of Metuchen
26%
Diocese of Norwich
25%
No matching quizzes found
Score Distribution
Percent of People with Each Score
Percentile by Number Answered
Your Score History
You have not taken this quiz